| 000 | 00664 a2200241 4500 | ||
|---|---|---|---|
| 999 |
_c200131142 _d34500 |
||
| 001 | 200131142 | ||
| 003 | TR-AnTOB | ||
| 005 | 20240913161003.0 | ||
| 008 | 140107b tu 000 0 | ||
| 040 |
_aTR-AnTOB _cTR-AnTOB |
||
| 041 | _atur | ||
| 050 | 0 | 0 |
_aNK1011 _b.P37 2010 |
| 090 |
_aNK1011 _b.P37 2010 |
||
| 100 |
_aPaksoy, Gönül _995202 |
||
| 245 | 0 | 0 |
_abez bebek = rag dolls / _cGönül Paksoy. |
| 264 | 1 |
_aAnkara : _bOmaş, _c2003. |
|
| 300 |
_a204p: _bill.; _c19 cm |
||
| 504 | _aIncludes bibliographical references. | ||
| 650 | 0 | 7 |
_aEl sanatları _zTürkiye _2etuturkob _910229 |
| 650 | 0 |
_aHandicraft _zTurkey _9119484 |
|
| 942 |
_cBK _2lcc |
||